000
00303nam a2200109Ia 4500
008
220204s9999 xx 000 0 und d
082
_a
301(548.3)
_b
RAV
100
_a
Ravindran, T K
245
0
_a
Asan and social revolution in Kerala
260
_a
Trivandrum
_b
Kerala Historical society
_c
1972
942
_c
BK
999
_c
36362
_d
36362